2010s Disney Movies - Sudden Death - Statistics

General Stats
  • This quiz has been taken 186 times
  • The average score is 4 of 9
Answers on the Grid
Answers color-coded by a green-red scale on the quiz's grid according to % correct below.
Frozen
Frozen II
Wish
Big Hero 6
Zootopia
Winnie the Pooh
Zootopia 2
Encanto
Raya and the Last Dragon
Wreck it Ralph
Ralph Breaks the Internet
Bolt
The Princess and the Frog
Tangled
Meet the Robinsons
Brave
Ratatouille
Moana
Aladdin
The Lion King
 
Answer Stats
Answer % Correct
Frozen
93%
Zootopia
60%
Frozen II
52%
Big Hero 6
47%
Wreck it Ralph
39%
Moana
38%
Tangled
38%
Ralph Breaks the Internet
28%
Winnie the Pooh
21%
No matching quizzes found
Score Distribution
Percent of People with Each Score
Percentile by Number Answered
Your Score History
You have not taken this quiz